000 00860nam a2200253Ia 4500
003 OSt
005 20221005112706.0
006 a|||||r|||| 00| 0
007 ta
008 221004b |||||||| |||| 00| 0 pan d
020 _a9788182992405 (hbk)
_c850
024 _a116867
037 _b574, 03/02/2012, H.K. Prakashan
_cTextual
040 _aCRL
_cCRL
_bpan
041 _2pan
_apan
082 _aO153,6M94x, Q1
100 _aਭਾਗ ਸਿੰਘ, ਅਨਜਾਣ
_9157821
245 0 _aਗਿਆਨੀ ਤੇਜਾ ਸਿੰਘ ਰਚਨਾਵਲੀ
260 _aਦਿੱਲੀ
_bਆਰਸੀ
_c2011
300 _a639ਪੰ
_ccm.
650 _aਪੰਜਾਬੀ ਸਾਹਿਤ
942 _hO153,6M94x, Q1
_cTEXL
_2cc
999 _c1025672
_d1025672